Rubberinangalude uthpadanakshamatha kurayunnuvo ? (Record no. 49764)

MARC details
000 -LEADER
fixed length control field 00296nam a2200121Ia 4500
100 ## - MAIN ENTRY--AUTHOR NAME
Personal name Chandy B
245 #0 - TITLE STATEMENT
Title Rubberinangalude uthpadanakshamatha kurayunnuvo ?
260 ## - PUBLICATION, DISTRIBUTION, ETC. (IMPRINT)
Name of publisher Rubber
Year of publication 2015
300 ## - PHYSICAL DESCRIPTION
Number of Pages 9-Jul
700 ## - ADDED ENTRY--PERSONAL NAME
Personal name George K T
942 ## - ADDED ENTRY ELEMENTS (KOHA)
Koha item type Bibliography STAF
Holdings
Withdrawn status Lost status Damaged status Not for loan Home library Current library Shelving location Date acquired Serial Enumeration / chronology Koha item type
      Bibliography RRII Library RRII Library Economics 01/01/2021 Volume 596, Issue Nov Bibliography STAF